INTELS´2010, Intelligent Systems: Proceedings of the Ninth International Symposium, Vladimir, Rusko, 28.6.-2.7.2010
Saved in:
| Other Authors: | |
|---|---|
| Format: | Book |
| Language: | Russian |
| Published: |
Moskva :
RUSAKI,
2010
|
| Tags: |
No Tags, Be the first to tag this record!
|
MARC
| LEADER | 00000nam a22000003a 4500 | ||
|---|---|---|---|
| 001 | stu210151 | ||
| 005 | 20150617230102.7 | ||
| 008 | 100830s--------ru------------------rus-d | ||
| 020 | |a 978-5-93347-407-4 | ||
| 040 | |a STU |b slo | ||
| 041 | 0 | |a rus | |
| 044 | |a ru | ||
| 100 | 1 | |a Pupkov, K.A. |4 edt | |
| 245 | 1 | |a INTELS´2010, Intelligent Systems: Proceedings of the Ninth International Symposium, Vladimir, Rusko, 28.6.-2.7.2010 | |
| 260 | |a Moskva : |b RUSAKI, |c 2010 | ||
| 300 | |a 773 s | ||
| 996 | |c I*Z7195 |l I |s A |a 24 |w stu210151_0001 | ||